01021cam a22002771 4500001001300000003000400013005001700017008004100034010001700075035002000092040002100112042001200133050001700145100002200162245011500184250001900299260014300318300002400461500001700485500011000502504002700612650004600639700001900685752002200704999001700726he 68001081 DLC20260227111457.0850117s1966 is b 000 0 heb  ahe 68001081  a(OCoLC)19208101 aDLCcMHdCUdDLC apremarc00aZ3479.H5bM31 aMalamat, Abraham.10aMadrikh bibliyografi le-toldot Yiśraʼel bi-teḳufat ha-Miḳra /cʻarkhu A. Malamaṭ [ṿe-] Ḥ. Raviv. aMahadurat 724. aJerusalem :bha-Universiṭah ha-ʻIvrit, ha-Faḳulṭah le-madaʻe ha-ruaḥ, ha-Ḥug le-hisṭoryah shel ʻam Yiśraʼel,c626 [1966] a11, 40 p. ;c27 cm. aCover title. aAdded cover title: A bibliography of the Biblical period (with emphasis on publications in modern Hebrew) aIncludes bibliography. 0aJewsxHistoryyTo 586 B.C.vBibliography.1 aReviv, Hanoch. aIsraeldJerusalem c33192d33192